Kontrola tabaku - začiatky v SR prvé celoslovenské stretnutie podľa vzoru vyspelého sveta

Bibliographic Details
Main Author: Žiaková, Magda (Author)
Format: Article
Language:Slovak
ISSN:1335-4477
Subjects:

MARC

LEADER 00000nab a2200000 a 4500
001 vtls000820352
003 SK-MaSNL
005 20260302152108.0
008 140303c2002 xo 0 slo
015 |a SNBRB2002/12-42881 
035 |a CLN000172007 
040 |a SNKBUCL  |b slo  |c SNKBUCL  |e AACR2 
041 0 |a slo 
044 |a xo  |c SK 
080 |a 613.84:061.3(437.6)  |2 1997 
100 1 |a Žiaková, Magda  |4 aut  |9 839575 
245 1 0 |a Kontrola tabaku - začiatky v SR  |b prvé celoslovenské stretnutie podľa vzoru vyspelého sveta  |c Magda Žiaková 
648 7 |a 2002  |2 snkbucl  |9 299607 
650 0 7 |a tabak  |2 snkbucl  |9 4249 
650 0 7 |a kontrola tabaku  |z Slovensko  |2 snkbucl  |9 844791 
650 0 7 |a konferencie  |2 snkbucl  |9 19221 
773 0 |t Zdravotnícke noviny  |g Roč. 7, č. 46 (2002), s. 5  |x 1335-4477 
850 |a Slovenská národná knižnica v Martine 
852 |a SNK  |b KIS3GCP 
958 |a MI 
999 |c 1361749  |d 1363679